[Event "Presolana op 35th"]
[Site "Presolana"]
[Date "2015.08.30"]
[Round "8"]
[White "Gennaro, Isabella"]
[Black "Lazzarini, Sabrina"]
[Result "0-1"]
[WhiteElo "1875"]
[BlackElo "1786"]
[PlyCount "98"]
[EventDate "2015.08.23"]
[EventType "swiss"]
[EventRounds "8"]
[EventCountry "ITA"]
[SourceTitle "EXT 2024"]
[Source "ChessBase"]
[SourceDate "2023.10.10"]
[SourceVersion "1"]
[SourceVersionDate "2023.10.10"]
[SourceQuality "1"]

1. e4 e5 2. Bc4 Nf6 3. d3 Bc5 4. Nf3 Nc6 5. 0-0 0-0 6. Bg5 d6 7. c3 Bg4 8. Nbd2 h6 9. Be3 Bb6 10. h3 Bh5 11. Re1 Bxe3 12. Rxe3 d5 13. exd5 Nxd5 14. Bxd5 Qxd5 15. g4 Bg6 16. c4 Qd7 17. Nxe5 Nxe5 18. Rxe5 Qxd3 19. Rd5 Qxh3 20. f3 f5 21. Qf1 Qg3+ 22. Qg2 Qxg2+ 23. Kxg2 fxg4 24. fxg4 Rad8 25. Rxd8 Rxd8 26. Nb3 b6 27. Re1 Rd7 28. Re2 Bd3 29. Rd2 Be4+ 30. Kf2 Rxd2+ 31. Nxd2 Bb7 32. Ke3 Kf7 33. Kf4 Ke6 34. Nb3 c5 35. Nd2 Kf6 36. a3 a5 37. Nb1 g6 38. Nc3 Bc6 39. b3 h5 40. g5+ Ke6 41. Nd1 a4 42. b4 cxb4 43. axb4 b5 44. cxb5 Bxb5 45. Nc3 Bd7 46. b5 a3 47. b6 Kd6 48. Nd5 Bc8 49. Nc3 Kc5 0-1

[Event "Presolana op 35th"]
[Site "Presolana"]
[Date "2015.08.28"]
[Round "6"]
[White "Lazzarini, Sabrina"]
[Black "Raselli, Claudio"]
[Result "1-0"]
[WhiteElo "1786"]
[BlackElo "1810"]
[PlyCount "51"]
[EventDate "2015.08.23"]
[EventType "swiss"]
[EventRounds "8"]
[EventCountry "ITA"]
[SourceTitle "EXT 2024"]
[Source "ChessBase"]
[SourceDate "2023.10.10"]
[SourceVersion "1"]
[SourceVersionDate "2023.10.10"]
[SourceQuality "1"]

1. e4 c5 2. Nc3 Nc6 3. g3 Rb8 4. Bg2 b5 5. d3 e6 6. f4 b4 7. Nce2 g6 8. Nf3 Bg7 9. 0-0 Nge7 10. g4 Bb7 11. f5 exf5 12. gxf5 gxf5 13. exf5 Nxf5 14. Ng5 Ncd4 15. Bxb7 Rxb7 16. c3 Rg8 17. cxd4 Bxd4+ 18. Nxd4 Rxg5+ 19. Bxg5 Qxg5+ 20. Kh1 Nxd4 21. Qe1+ Kf8 22. Qe4 d5 23. Qxh7 Ne6 24. Rg1 Qe5 25. Raf1 Nf4 26. Qh6+ 1-0

[Event "Presolana op 35th"]
[Site "Presolana"]
[Date "2015.08.24"]
[Round "2"]
[White "Lazzarini, Sabrina"]
[Black "Dormio, Luca"]
[Result "0-1"]
[WhiteElo "1786"]
[BlackElo "1770"]
[PlyCount "76"]
[EventDate "2015.08.23"]
[EventType "swiss"]
[EventRounds "8"]
[EventCountry "ITA"]
[SourceTitle "EXT 2024"]
[Source "ChessBase"]
[SourceDate "2023.10.10"]
[SourceVersion "1"]
[SourceVersionDate "2023.10.10"]
[SourceQuality "1"]

1. e4 e6 2. d3 d5 3. Qe2 Nf6 4. e5 Nfd7 5. Nf3 c5 6. g3 Nc6 7. Bg2 g6 8. 0-0 Bg7 9. Bf4 b5 10. Nc3 Qb6 11. Rfe1 0-0 12. a4 Ba6 13. axb5 Bxb5 14. Nxb5 Qxb5 15. c3 Rfb8 16. Rab1 a5 17. c4 dxc4 18. dxc4 Qa6 19. Red1 Ra7 20. Rd6 Bf8 21. Rxc6 Qxc6 22. Nd4 Qb6 23. Nc6 Rc8 24. Nxa7 Qxa7 25. Qf3 Nb6 26. Qc3 Rd8 27. Ra1 a4 28. Bc6 Rd4 29. b3 a3 30. Qc1 Qc7 31. Bg2 Bg7 32. Be3 Rd3 33. Qxa3 Bxe5 34. Qxc5 Qxc5 35. Bxc5 Bxa1 36. Bxb6 Rxb3 37. c5 Bd4 38. Bf1 Rb2 0-1